01720nab a22003137a 4500999001500000003000400015005001700019008004100036040001100077100002900088245011600117260007300233300001500306500015400321505037700475505008900852650003900941650002300980650003301003650003301036650003101069650002701100650002801127650003201155650003501187650002001222773015101242942001301393 c5355d5355OSt20250225132717.0190603e xxum|||| |||| 00| 0 spa d cPJ-TDF 95375aScotti, Luciana B.13aLas nuevas fronteras de la autonomía de la voluntad en el derecho internacional privado /cLuciana B. Scotti. cCiudad Autónoma de Buenos Aires :aThomson Reuters La Ley, b2024. ap. 227-241 aCita: TR LALEY AR/DOC/1974/2024. Publicado en: R.C.C. y C. 2024 (Septiembre-Octubre). EDICIÓN ESPECIAL: XXIX Jornadas Nacionales de Derecho Civil. aSumario: I. Introducción.— II. Concepto y fundamentos.— III. Alcance y límites.— IV. Ámbitos de consagración de la autonomía de la voluntad.— V. Ámbitos más resistentes a la autonomía de la voluntad.— VI. La autonomía de la voluntad indirecta y el método de reconocimiento.— VII. A modo de colofón.— VIII. Bibliografía complementaria. t¿Te interesa el texto completo? Solicitalo al correo: koha@justierradelfuego.gov.ar 09327aDERECHO INTERNACIONAL PRIVADO 09716aORDEN PUBLICO 09664aARBITRAJE INTERNACIONAL 091053aUNIONES CONVIVENCIALES 095417aCONTRATOS DE CONSUMO 09234aDERECHO COMPARADO 09967aDERECHO DE FAMILIA 091467aRESPONSABILIDAD CIVIL 091497aCODIGO CIVIL Y COMERCIAL 09888aSUCESIONES0 0271393170dCiudad Autónoma de Buenos Aires : Thomson Reuters La Ley, 2015-tRevista Código Civil y Comercial. Nº 5 - Septiembre-Octubre 2024 2udccANA